Úverové poistenie podnikateľov
Vysvetlenie pojmu úverové poistenie. Základné parametre úverového poistenia. Stručný historický vývoj úverového poistenia. Legislatívny rámec úverového poistenia na Slovensku. Klasifikácia úverového poistenia. Poistenie vývozných úverov. Poistenie tovarových úverov. Poistenie úveru na investičný tov...
Saved in:
| Main Author: | |
|---|---|
| Format: | Book |
| Language: | Slovak |
| Subjects: | |
| Tags: |
No Tags, Be the first to tag this record!
|
MARC
| LEADER | 00000nam a2200000 4500 | ||
|---|---|---|---|
| 001 | r030778 | ||
| 005 | 20230809081210.5 | ||
| 041 | 0 | |a slo | |
| 044 | |a SK | ||
| 245 | 1 | 0 | |a Úverové poistenie podnikateľov |c Imrich Fekete |
| 520 | |a Vysvetlenie pojmu úverové poistenie. Základné parametre úverového poistenia. Stručný historický vývoj úverového poistenia. Legislatívny rámec úverového poistenia na Slovensku. Klasifikácia úverového poistenia. Poistenie vývozných úverov. Poistenie tovarových úverov. Poistenie úveru na investičný tovar. Poistenie spotrebiteľských úverov. Poistenie kaucie. Poistenie škôd spôsobených spreneverou. | ||
| 610 | 2 | 0 | |a poistenie úverové |
| 610 | 2 | 0 | |a podnikatelia |
| 610 | 2 | 0 | |a riziko poistné |
| 610 | 2 | 0 | |a predpisy právne |
| 610 | 2 | 0 | |a Slovensko |
| 610 | 2 | 0 | |a poistenie záujmov zahraničných |
| 610 | 2 | 0 | |a klasifikácia |
| 610 | 2 | 0 | |a úver vývozný |
| 100 | 1 | |a Fekete, Imrich | |